Για την αρχιτεκτονική : δημοσιεύματα σε εφημερίδες, σε περιοδικά και σε βιβλία, 1940-1982 : βιβλιογραφία
Αποθηκεύτηκε σε:
| Κύριος συγγραφέας: | |
|---|---|
| Μορφή: | Βιβλίο |
| Γλώσσα: | Greek |
| Δημοσίευση: |
Αθήνα :
Αγρα,
1987
|
| Θέματα: | |
| Ετικέτες: |
Προσθήκη ετικέτας
Δεν υπάρχουν, Καταχωρήστε ετικέτα πρώτοι!
|
MARC
| LEADER | 00000nam a2200000 i 4500 | ||
|---|---|---|---|
| 001 | 1/102525 | ||
| 008 | 950505s1987 gre d | ||
| 035 | |a 1992 |b 1 |c Δωρεά |l 10012540 | ||
| 040 | |a GR-MY-UA |b gre |e aacr | ||
| 041 | 0 | |a gre | |
| 082 | 0 | |a 720.1 | |
| 100 | 1 | |a Κωνσταντινίδης, Άρης, |d 1913-1993. | |
| 245 | 1 | 0 | |a Για την αρχιτεκτονική : |b δημοσιεύματα σε εφημερίδες, σε περιοδικά και σε βιβλία, 1940-1982 : βιβλιογραφία / |c Αρης Κωνσταντινίδης |
| 260 | |a Αθήνα : |b Αγρα, |c 1987 | ||
| 300 | |a 352 σ. | ||
| 650 | 0 | 0 | |a Architecture. |
| 650 | 0 | 0 | |a Speeches, addresses, etc. |
| 852 | |a INST |b LESVOS |e 19950505 |h 720.1 ΚΩΝ |p 005100001250 |q 005100001250 |t BK |y 0 | ||
| 852 | |a INST |b RHODES |e 19970225 |h 720.1 ΚΩΝ |p 005400000115 |q 005400000115 |t BK |y 0 | ||
| 909 | |a Λ |b 021599 | ||
| 909 | |a Ρ |b 020680 |c 1992 | ||
| 922 | |a 1ΕΛΗ |b 199112 |c ΠΠ/1522 | ||